000 01483cam a2200337 a 4500
001 6282
003 BD-RjUL
005 20211208234222.0
008 140109s1974 enka b 001 0 eng
020 _a0521204070
035 _a(BD-RjUL)6322
_a(OCoLC)1177007
040 _aLC
_beng
_cLC
_dLC
_dBD-RjUL
041 _aeng
082 0 0 _a515.42
_bWEG 1974
100 1 _aWeir, Alan J.
_919768
245 1 0 _aGeneral integration and measure /
_cby Alan J. Weir.
260 _aLondon ;
_aNew York :
_bCambridge University Press,
_c1974.
300 _axi, 298 p. :
_bill. ;
_c24 cm.
500 _aContinues: Lebesgue integration and measure.
500 _aIncludes index.
504 _aBibliography: p. 294.
505 0 0 _aMachine derived contents note: Preface; 8. General Integration; 9. Lebesgue-Stieltjes integrals and measures; 10. The Riesz representation theorem; 11. General measures; 12. The classical approach; 13. Uniqueness and approximation theorems; 14. Product measures; 15. Borel measures; 16. Real and complex measures; 17. The Radon-Nikodym theorem; Appendix; Solutions; References; Index.
650 0 _aMeasure theory.
_95360
650 0 _aLebesgue integral.
_919510
856 4 1 _3Table of contents only
_uhttp://www.loc.gov/catdir/enhancements/fy0901/73091620-t.html
856 4 2 _3Publisher description
_uhttp://www.loc.gov/catdir/enhancements/fy0901/73091620-d.html
942 _2ddc
_cBK
999 _c6282
_d6282